UNIX für Führungskräfte <Ein> umfassen der Überblick
Na minha lista:
| Autor principal: | |
|---|---|
| Outros Autores: | , |
| Formato: | Livro |
| Idioma: | alemão |
| Publicado em: |
Berlin
Springer
1987
|
| Edição: | 1. Aufl. |
| Tags: |
Sem tags, seja o primeiro a adicionar uma tag!
|
MARC
| LEADER | 00000nam a2200000 4500 | ||
|---|---|---|---|
| 001 | c038858 | ||
| 005 | 20221206140432.7 | ||
| 041 | 0 | |a ger | |
| 044 | |a DE | ||
| 245 | 1 | 0 | |a UNIX für Führungskräfte |b <Ein> umfassen der Überblick |c Yukari Shirota, Tosiyasu L. Kunii ; [Z angl. prel.] Heinz Sterner |
| 250 | |a 1. Aufl. | ||
| 264 | 1 | |a Berlin |b Springer |c 1987 | |
| 300 | |a 157 s. | ||
| 100 | 1 | |a Shirota, Yukari | |
| 700 | 1 | |a Kunii, Tosiyasu L. | |
| 700 | 1 | |a Sterner, Heinz | |